000
00280nam a2200121Ia 4500
008
190216s9999||||xx |||||||||||||| ||und||
100
_a
Surinder Mohan Vashisht
245
0
_a
M B D Mathematics
260
_b
Mbd Pub
_c
1989
300
_a
580
650
_a
Mathematics
942
_c
REF
999
_c
36081
_d
36081